| 000 | 00875nam a22001577a 4500 | ||
|---|---|---|---|
| 003 | OSt | ||
| 005 | 20151025084523.0 | ||
| 008 | 151025b xxu||||| |||| 00| 0 eng d | ||
| 040 | _cRUA | ||
| 082 | _aAVM YIN 2013 B108 Or,1 | ||
| 100 |
_92840 _aYIN, MAKARA. |
||
| 245 | _aStudying on gumboro disease of hybrid chicken meat and theirs antibodies through haemagglutiion-and haemagglutination inhibitor-test at royal university of agriculture, ការសិក្សាលើជំងឺហ្គុំបូរ៉ូរបស់មាន់សាច់កូនតាត់និងអង់ទីគ័ររបស់វាតាមរយៈHAEMAGGLUTINATION-AND HAEMAGGLUTINATION INHIBITOR-TEST ណោសាកលវិទ្យាល័យភូមិន្ទកសិកម្ម | ||
| 260 |
_aPhnom Penh _bRUA _c2013 |
||
| 300 |
_axi; 41p. _bill. _c29cm. |
||
| 942 |
_2ddc _cAVM |
||
| 999 |
_c2658 _d2658 |
||